| 000 | 01030nam a22003017a 4500 | ||
|---|---|---|---|
| 001 | BR9102486 | ||
| 003 | BR-BrBNA | ||
| 005 | 20230928093616.0 | ||
| 007 | ta | ||
| 008 | 230509b bl.||||| |||| 00| 0 por d | ||
| 040 |
_aBR-BrBNA _bpor _cBiblioteca Nacional de Agricultura |
||
| 041 | _a(Por) | ||
| 072 |
_aH20 _b0230 _b4120 |
||
| 090 | _ 0230 BR9102486 | ||
| 100 | 1 | _aLopes, S.A. | |
| 110 | 1 |
_aEscola Superior de Agricultura Luiz de Queiroz, Piracicaba, SP (Brasil) _0Tese (Mestre em Agronomia) |
|
| 245 | 1 | _aReacao de variedades de cana-de-acucar ao fungo Bipolaris sacchari (Butler)Shoemaker | |
| 246 | 1 | _aReaction of varieties of sugarcane to the fungus Bipolaris sacchari (Butler)Shoemaker | |
| 260 | 3 |
_aPiracicaba, SP (Brasil): _c1991. |
|
| 300 | _a79 p. | ||
| 500 | _a9 tables; Bibliography p. 55-65 (51 ref.); Summaries (Eng, Por) | ||
| 650 | _aCANA DE ACUCAR | ||
| 650 | _aMANCHA OCULAR | ||
| 650 | _aINOCULACAO | ||
| 650 | _aVARIEDADE RESISTENTE | ||
| 909 |
_a202309 _bLucia _c55 _dLucia Elande |
||
| 942 | _cBK | ||
| 999 |
_c45984 _d45984 |
||